|
|
|
|
| LEADER |
00000cam a2200000 7i4500 |
| 001 |
0000012323 |
| 005 |
20151222.0 |
| 008 |
071212 |
| 020 |
|
|
|a 983151842X
|
| 090 |
0 |
0 |
|a JF EDU
|b MAL (9145)
|
| 100 |
0 |
|
|a Maslina Ramli
|
| 245 |
1 |
0 |
|a Bahasa Melayu :
|b Tahun 1
|c Maslina Ramli
|
| 260 |
|
|
|a Kuala Lumpur :
|b Fargoes ,
|c 2003
|
| 300 |
|
|
|a 1 Compact Disk
|
| 440 |
|
|
|a How to teach
|
| 500 |
|
|
|a Children ages 7-9 years old (orange)
|
| 650 |
|
0 |
|a Junior fiction
|x Malay
|x Languages
|
| 650 |
|
0 |
|a Malay
|x Study and teaching
|
| 999 |
|
|
|a 0000880534
|b Book
|c REFERENCE
|e Cawangan Bandar Penawar
|
| 999 |
|
|
|a 0000903585
|b Book
|c REFERENCE
|e Cawangan Bandar Penawar
|
| 999 |
|
|
|a 0000990971
|b Book
|c REFERENCE
|e Perbadanan Perpustakaan Awam Johor
|